000 00575 a2200157 4500
005 20190815124121.0
008 190531b1954 sp ||||| |||| 00| 0 spa d
040 _aCO-BoUCM
_bspa
_cOscar Ávila (modificó)
_dOscar Ávila (modificó)
041 0 _aspa
100 1 0 _aAudera, Victor
_996745
245 1 3 _aLa población y las inmigración en Hispanoamérica
_cVíctor Audera
260 _bEdiciones Cultura hispánica
_c1954
_aMadrid
_g1954
650 7 _914050
_aEmigración e inmigración
942 _cLIBRO
_2DEWEY
_a5
_e1
_h307.2
_mA899p
999 _c312821
_d312821